000
00312nam a22001337a 4500
008
180127b xxu||||| |||| 00| 0 eng d
020
_a
0801605865
041
_a
eng
080
_a
615.7
100
_a
6
101
_a
ANE
245
_a
Anesthesia and Perioperative Complications
_c
Benumof, J.L
942
_2
udc
_c
BK
999
_c
41097
_d
41097